5 villes les plus peuplées par aire urbaine française - Statistiques

Statistiques générales
  • Ce quiz a été pris 133 fois
  • Le résultat moyen est 45 sur 100
Statistiques - réponses
Aire Urbaine Ville
Population
(en milliers)
% Correct
1 Paris Paris 2 161
98%
2 Aix Marseille Aix en Provence 142
89%
1 Lyon Lyon 515
89%
1 Aix Marseille Marseille 858
89%
1 Lille Lille 233
84%
1 Toulouse Toulouse 486
83%
1 Bordeaux Bordeaux 254
81%
1 Rennes Rennes 217
81%
1 Nantes Nantes 314
80%
1 Nice Nice 341
80%
2 Lyon Villeurbanne 148
80%
3 Paris Saint Denis 112
79%
1 Strasbourg Strasbourg 284
78%
1 Grenoble Grenoble 157
76%
1 Montpellier Montpellier 290
76%
1 Toulon Toulon 176
76%
1 Rouen Rouen 111
75%
1 Saint Étienne Saint Étienne 173
75%
3 Rouen Saint Étienne du Rouvray 28
75%
1 Orléans Orléans 116
72%
2 Lille Roubaix 98
71%
2 Pointe à Pitre Les Abymes Baie Mahault 31
69%
1 Bayonne Bayonne 51
69%
2 Paris Boulogne Billancourt 121
69%
1 Caen Caen 105
69%
1 Douai Lens Douai 39
68%
3 Lille Tourcoing 97
67%
2 Nice Cannes 73
65%
2 Bordeaux Mérignac 70
65%
2 Douai Lens Lens 31
64%
3 Lyon Vénissieux 62
64%
5 Paris Montreuil 109
63%
3 Nice Antibes 72
61%
4 Paris Argenteuil 110
59%
4 Lille Villeneuve d'Ascq 62
58%
4 Toulouse Blagnac 25
57%
3 Bayonne Biarritz 25
55%
4 Aix Marseille Aubagne 45
54%
3 Bordeaux Pessac 63
53%
1 Pointe à Pitre Les Abymes Les Abymes 55
52%
4 Lyon Vaulx en Velin 45
51%
3 Toulon Hyères 55
50%
3 Aix Marseille Martigues 48
49%
5 Aix Marseille Istres 43
46%
2 Toulon La Seyne sur Mer 62
46%
2 Bayonne Anglet 39
45%
4 Rouen Le Grand Quevilly 25
43%
3 Grenoble Échirolles 36
42%
5 Nice Grasse 48
42%
5 Rouen Le Petit Quevilly 22
41%
2 Nantes Saint Herblain 46
41%
5 Lyon Saint Priest 44
41%
2 Toulouse Colomiers 39
40%
2 Grenoble Saint Martin d'Hères 38
40%
3 Nantes Rezé 42
39%
4 Orléans Saint Jean de Braye 21
39%
5 Orléans Saint Jean de la Ruelle 16
39%
5 Bayonne Saint Jean de Luz 14
39%
2 Rouen Sotteville lès Rouen 28
38%
4 Nice Cagnes sur Mer 51
37%
4 Bordeaux Talence 42
37%
4 Bayonne Hendaye 16
33%
2 Saint Étienne Saint Chamond 34
32%
3 Rennes Cesson Sévigné 17
31%
3 Strasbourg Illkirch Graffenstaden 26
31%
2 Strasbourg Schiltigheim 33
31%
4 Toulon La Ciotat 35
30%
4 Nantes Saint Sébastien sur Loire 27
30%
5 Lille Wattrelos 40
30%
5 Nantes Orvault 26
29%
2 Orléans Olivet 22
27%
5 Bordeaux Villenave d'Ornon 34
27%
5 Toulouse Muret 24
26%
3 Toulouse Tournefeuille 27
26%
2 Rennes Bruz 18
25%
2 Caen Hérouville Saint Clair 22
24%
3 Orléans Fleury les Aubrais 21
23%
4 Douai Lens Hénin Beaumont 25
23%
2 Montpellier Castelnau le Lez 21
22%
3 Saint Étienne Firminy 16
22%
4 Rennes Saint Jacques de la Lande 13
22%
5 Toulon Six Fours les Plages 33
19%
4 Grenoble Fontaine 22
17%
3 Douai Lens Liévin 30
17%
4 Strasbourg Lingolsheim 18
16%
5 Grenoble Voiron 20
16%
5 Rennes Betton 11
15%
5 Strasbourg Bischheim 17
15%
3 Caen Ifs 11
15%
4 Montpellier Lattes 16
14%
4 Caen Mondeville 9
14%
5 Douai Lens Avion 17
11%
4 Saint Étienne Rive de Gier 15
11%
5 Saint Étienne Saint Just Saint Rambery 15
11%
3 Montpellier Mauguio 16
10%
3 Pointe à Pitre Les Abymes Le Gosier 27
9%
4 Pointe à Pitre Les Abymes Sainte Anne 24
9%
5 Montpellier Juvignac 11
8%
5 Pointe à Pitre Les Abymes Petit Bourg 24
3%
5 Caen Mézidon Vallée d'Auge 9
0%
Aucun quiz correspondant
Distribution des résultats
% des personnes avec chaque résultat
Percentile par nombre de réponses
Votre historique - résultats
Vous n’avez pas pris ce quiz